বিশ শতকের সাহিত্যতত্ত্ব / (Record no. 38485)
[ view plain ]
| 000 -LEADER | |
|---|---|
| fixed length control field | 01171nam a2200253 a 4500 |
| 001 - CONTROL NUMBER | |
| control field | 38485 |
| 003 - CONTROL NUMBER IDENTIFIER | |
| rucl marc code | BD-RjUL |
| 005 - DATE AND TIME OF LATEST TRANSACTION | |
| control field | 20211209052815.0 |
| 008 - FIXED-LENGTH DATA ELEMENTS--GENERAL INFORMATION | |
| fixed length control field | 151219r20031991bg ||||| b||| 001 0 ben d |
| 020 ## - INTERNATIONAL STANDARD BOOK NUMBER | |
| International Standard Book Number | 9840743279 |
| 035 ## - SYSTEM CONTROL NUMBER | |
| System control number | (BD-RjUL)38590 |
| 040 ## - CATALOGING SOURCE | |
| Original cataloging agency | BD-RjUL |
| Language of cataloging | ben |
| Transcribing agency | BD-RjUL |
| 041 ## - LANGUAGE CODE | |
| Language code of text/sound track or separate title | ben |
| 082 ## - DEWEY DECIMAL CLASSIFICATION NUMBER | |
| Classification number | 801.950904 |
| Author mark and year | BIS 2003 |
| 245 ## - TITLE STATEMENT | |
| Title | বিশ শতকের সাহিত্যতত্ত্ব / |
| Statement of responsibility, etc. | আ্যান জেফারসন...[et .al].; অনুবাদ, আফজালুল বাসার. |
| 260 ## - PUBLICATION, DISTRIBUTION, ETC. (IMPRINT) | |
| Place of publication, distribution, etc. | ঢাকা : |
| Name of publisher, distributor, etc. | বাংলা একাডেমী, |
| Date of publication, distribution, etc. | ১৯৯১, |
| -- | [পুনমুর্দ্রণ ২০০৩]. |
| 300 ## - PHYSICAL DESCRIPTION | |
| Pagination | ১৯, ৩৪৩ পৃ. |
| Illustrations | চিত্র ; |
| Size | ২৩ সেমি. |
| 504 ## - BIBLIOGRAPHY, ETC. NOTE | |
| Bibliography, etc | গ্রন্থপঞ্জি ও নির্ঘন্ট সংযুক্ত. |
| 650 ## - SUBJECT ADDED ENTRY--TOPICAL TERM | |
| Topical term or geographic name as entry element | সাহিত্য সমালোচনা |
| General subdivision | ইতিহাস |
| -- | বিশ শতক |
| 9 (RLIN) | 118832 |
| Topical term or geographic name as entry element | Criticism |
| General subdivision | History |
| -- | 20th century. |
| 9 (RLIN) | 118833 |
| 700 ## - ADDED ENTRY--PERSONAL NAME | |
| Personal name | জেফারসান, আ্যন |
| Personal name | বাসার, আফজালুল |
| 942 ## - ADDED ENTRY ELEMENTS (KOHA) | |
| Source of classification or shelving scheme | Dewey Decimal Classification |
| Koha item type | Books |
| Lost status | Source of classification or shelving scheme | Damaged status | Not for loan | Collection code | Permanent Location | Current Location | Shelving location | Date acquired | Source of acquisition | Cost, normal purchase price | Total Checkouts | Full call number | Date last seen | Date checked out | Copy number | Koha item type |
|---|---|---|---|---|---|---|---|---|---|---|---|---|---|---|---|---|
| Dewey Decimal Classification | Non-fiction | Central Library, University of Rajshahi | Central Library, University of Rajshahi | 23/06/2013 | ঢাকা, বাংলা একাডেমী | 180.00 | 1 | B 801.950904 BIS 2003 | 07/03/2016 | 31/12/2015 | C-2 | Books | ||||
| Dewey Decimal Classification | Non-fiction | Central Library, University of Rajshahi | Central Library, University of Rajshahi | 23/06/2013 | Bangla Academy, Dhaka | 180.00 | B 801.950904 BIS 2003 | 13/08/2016 | C-3 | Books | ||||||
| Dewey Decimal Classification | Non-fiction | Central Library, University of Rajshahi | Central Library, University of Rajshahi | 23/06/2013 | Bangla Academy, Dhaka | 180.00 | 1 | B 801.950904 BIS 2003 | 13/01/2020 | 05/11/2019 | C-4 | Books | ||||
| Dewey Decimal Classification | Non-fiction | Central Library, University of Rajshahi | Central Library, University of Rajshahi | 23/06/2013 | Bangla Academy, Dhaka | 180.00 | B 801.950904 BIS 2003 | 13/08/2016 | C-5 | Books |